02870nam a2200385uu 4500001000800000005001700008007001000025008004100035035001200076040001300088041000800101080000900109100004200118245014400160260003500304300003700339520152900376650003301905650001901938650002301957650002801980650004402008650005402052650006202106650002002168650001802188650003302206650003802239650003902277650004002316700004702356856006102403502001202464526000802476158227620260508094822.0cr|||||||230418s2023 spa  a1582276 ccomduadb aspa aE/CD10aTorres Urrea, Juan Fernando4auteaut10aVariabilidad morfológica y concepción del cuerpo en personas usuarias del servicio de entrenamiento personal en la ciudad de Medellín aMedellín :bAutor(a),c2023. a111 páginas :bTablas, figuras3 aRESUMEN : La presente tesis tiene como objetivo estudiar la variabilidad morfológica y la concepción del cuerpo en personas usuarias del servicio de entrenamiento personal en Medellín. Se busca determinar los aspectos sociodemográficos de los usuarios, estudiar su morfología corporal, y conocer su autopercepción del cuerpo en relación a la salud, la alimentación y la estética. Se utilizó una muestra no probabilística de 100 personas, de las cuales 50 son usuarias de planes de entrenamiento personalizado y 50 no practican actividad física. La investigación combina métodos cuantitativos y cualitativos, con el objetivo de estudiar la morfología corporal y la autopercepción del cuerpo en relación con la salud, la alimentación y la estética. Se identificaron diferencias en la concepción del cuerpo entre hombres y mujeres, y se estableció que el estrato socioeconómico influye en la percepción del cuerpo y en la capacidad de llevar un estilo de vida saludable. La actividad física y la alimentación saludable son hábitos que se asocian con una mejora en la salud física, psicológica y social, y que pueden aumentar el autoestima y reducir la ansiedad y la depresión. Los resultados muestran que en general, los encuestados consideran llevar una vida activa y saludable. Palabras clave: Fitness, Actividad Física, cuerpo, entrenamiento, concepción de cuerpo, peso corporal, hábitos alimenticios, imagen corporal, variabilidad morfológica, sedentarismo. aActividad física y deporte aCapacitación 0aActividad física aEntrenamiento deportivo aEntrenamiento deportivo - Metodología aEntrenamiento deportivo - Aspectos fisiológicos aHábitos alimenticios - Medellín (Antioquia, Colombia) 0aImagen corporal aPeso corporal 7aHábitos alimenticios2lemb aHábitos alimenticios - Colombia aHábitos alimenticios - Antioquia aImagen corporal - Aspectos sociales10aGarcía Pineda, Andrés Felipe4thseths4 uhttps://bibliotecadigital.udea.edu.co/handle/10495/34688 b103c12 a104